000 00388 a2200169 4500
020 _a9780070598553
082 _a330
090 _c5808
_d5808
100 _aSamuelson, Paul A.
245 _aEcomomics
_cPaul A. Samuelson
250 _a18th
260 _aNew Delhi
_bTata McGraw-Hill
_c2008
300 _a776 p
500 _aIncludes Index
650 _aEconomics
942 _cBK
_k330 SAM
999 _c9650
_d9650